|
|
|
|
| LEADER |
00000nam0a2200000 4500 |
| 001 |
361763 |
| 005 |
20240624144234.0 |
| 035 |
|
|
|a (RuTPU)RU\TPU\retro\19109
|
| 090 |
|
|
|a 361763
|
| 100 |
|
|
|a 20210701d189 km y0gery50 ba
|
| 101 |
0 |
|
|a ger
|
| 102 |
|
|
|a DE
|
| 105 |
|
|
|a y z 000zy
|
| 181 |
|
0 |
|b e
|
| 182 |
|
0 |
|a n
|
| 183 |
|
0 |
|a nc
|2 RDAcarrier
|
| 200 |
1 |
|
|a Ueber die Anwendbarkeit der Fluorverbindungen zur Verhinderung der Invertzuckerbildung in Zuckersyrupen
|f A. Herzfeld, U. Paetov
|e Sonderabdruck
|
| 210 |
|
|
|a [S. l.]
|c [S. n.]
|d 1890
|
| 215 |
|
|
|a S. 677-681
|
| 225 |
|
|
|a Zeitschrift [б.н.], 1890
|
| 283 |
|
|
|a volume
|
| 300 |
|
|
|a В описании используется грамматика 19 века
|
| 317 |
|
|
|5 63413507: 13828
|a Поступил в НТБ в 1914 г. в дар от первого директора ТТИ профессора Е. Л. Зубашева
|
| 541 |
1 |
|
|a О возможности применения соединений фтора для предотвращения образования инвертного сахара в сахарных сиропах
|z rus
|
| 606 |
1 |
|
|a Фтор, соединения
|x Применение в органическом синтезе
|2 stltpush
|3 (RuTPU)RU\TPU\subj\16973
|9 42843
|
| 610 |
1 |
|
|a Коллекция Е. Л. Зубашева
|
| 610 |
1 |
|
|a дары библиотеке
|
| 610 |
1 |
|
|a сахарные сиропы
|
| 610 |
1 |
|
|a инвертный сахар
|
| 610 |
1 |
|
|a образование
|
| 610 |
1 |
|
|a предотвращение
|
| 610 |
1 |
|
|a немецкий язык
|
| 610 |
1 |
|
|a оттиски
|
| 675 |
|
|
|a 547.057
|v 4
|
| 700 |
|
1 |
|a Herzfeld
|b A.
|g Alexander
|
| 701 |
|
1 |
|a Paetov
|b U.
|
| 801 |
|
1 |
|a RU
|b 63413507
|c 20210701
|
| 801 |
|
2 |
|a RU
|b 63413507
|c 20210701
|g RCR
|
| 942 |
|
|
|c BK
|